| 000 | 00777nam a22002057a 4500 | ||
|---|---|---|---|
| 010 | _aENG-97744 B-422905-908 | ||
| 020 |
_a9788128824234 _c50.00 |
||
| 035 | _aEN-81277 B-422905-908 | ||
| 037 | _bDBAD/PUB | ||
| 037 | _bK.K.Pub/Ven | ||
| 082 | _a158.1 | ||
| 100 | _aVaid, Sunil | ||
| 245 |
_aBeat the entrance exam the smart way : _bmcq special / _cby Sunil Vaid |
||
| 260 |
_aNew Delhi _bDimond Pocket Books _c2010 |
||
| 270 |
_aX-30, Okhla Industrial Area, Phase-II _bNew Delhi _e110020 |
||
| 300 |
_a102p. _c21cm (pbk) |
||
| 650 | _aPersonal improvement and analysis | ||
| 942 |
_2ddc _cEN _h158.1 _mVAI |
||
| 999 |
_c38682 _d38682 |
||